000
00380nam a22000857a 4500
008
150730b xxu||||| |||| 00| 0 eng d
010
_8
HCCRSARF: 039
245
_a
HIGH COURT CRIMINAL SESSION No.31 of 1990 Uganda Vs Noah Asha
260
_a
High Court Kampala
999
_c
8327
_d
8327